=LDR 00000nam 2200000 4500 =001 INLIS000000000032645 =005 20130612134638 =008 ***********************************ind** =035 ##$$a0010-061300000032645 =041 ##$$a ind =082 ##$$a 813 =090 ##$$a 813, Far s =100 ##$$a Farmer,Nancy =245 ##$$a The Sea of Trolis, Nancy Farmer:Penyunting:Nurhayati =260 ##$$a 2007 $b [SL] =300 ##$$a 543 hlm., 20 cm =650 ##$$a Fiksi Indonesia-Terjemahan =700 ##$$a Nurhayati =850 ##$$a NBPNMAT =990 ##$$a 21195580/BPAP-NTB/2014